00646 a2200145 4500003000500000005001700005040000900022082001800031100000800049245006900057260005000126300001900176505027100195650003400466Nust20221201153410.0 cNust a621.38152,LIN aNSC aLinear supplement databookcNational semiconductor corporation / aUSAbNational semiconductor corporationc1984 avarious paging aAmplifiers (1-7), Comparators (9-73), Coltage regulators (1-51), Voltage references (-4-8), Converters (8-8), Analog switches (6-27), Sample and hold (7-5), Sensors (9-58), Filters ( 9-1), Building blocks (s10-1), Motor controllers (11-1), Consumer circuits (10-26). aTelecommunication Engineering